000 00438nam a22001577a 4500
005 20251108164322.0
008 250721s1987 xx 000 0 ara d
082 1 4 _aم/380/إتص
245 1 0 _aالإتصالات و المواصلات /
264 1 _aجنيف :
_bشركة ترادكسيم،
_c1987.
300 _a158ص: مص
490 0 _aكتاب المعرفة
650 1 7 _aالمواصلات
942 _2ddc
_cREF
999 _c9215
_d9215